Die design and diemaking practice /

Guardado en:
Otros Autores: Jones, Franklin D. (edición.)
Formato: Libro
Idioma:English
Publicado: New York : The industrial press, 1951.
Edición:3. ed.
Etiquetas: Agregar Etiqueta
Sin Etiquetas, Sea el primero en etiquetar este registro!
LEADER 00493nam a22001575a 4500
001 EUN.um034348
003 AR-BaUNS
005 20050623122908.0
008 041125s1951####xxua##########000#0#eng#d
245 0 0 |a Die design and diemaking practice /  |c Franklin D. Jones. 
260 |a New York :  |b The industrial press,  |c 1951. 
300 |a 1002 p. :  |b ilus ;  |c 22 cm. 
700 1 |a Jones, Franklin D.  |e edición. 
082 0 4 |a 621.98 
250 |a 3. ed. 
859 |a Ar-BaUNS  |b BIB. CENTRAL - Sector C  |h 621.98  |i J714a3  |p 1695/962